| 000 | 00827cam a2200253 a 4500 | ||
|---|---|---|---|
| 001 | 2490472 | ||
| 003 | OSt | ||
| 005 | 20240530110931.0 | ||
| 008 | 911105s1993 iauacg b 001 0 eng | ||
| 010 | _a 91076901 | ||
| 020 | _a0697125343 | ||
| 040 |
_aDLC _cDLC |
||
| 082 | 0 | 0 |
_a781.424 _221 _bH E |
| 100 | 1 | _aHickok, Robert. | |
| 245 | 1 | 0 |
_aExploring music / _cRobert Hickok. |
| 250 | _a5th ed. | ||
| 260 |
_aDubuque, Iowa : _bBrown & Benchmark, _cc1993. |
||
| 300 |
_axvii, 563 p. : _bill., ports., music ; _c25 cm. |
||
| 504 | _aIncludes bibliographical references (p. 539-542) and index. | ||
| 650 | 0 | _aMusic appreciation. | |
| 906 |
_a7 _bcbc _corignew _d3 _eopcn _f19 _gy-gencatlg |
||
| 942 |
_2ddc _cBK |
||
| 999 |
_c66650 _d66650 |
||